• 首页
  • 本馆介绍
  • 公告通知
  • 最新文献
  • 馆藏检索
  • 电子资源
  • 读者导购
  • 参考咨询
  • 我的图书馆
  • 登录
  • 详细信息显示
  • 放入我的书架
  • 预约/预借图书
  • 作者相关作品
  • 分类相关作品
  • 丛书相关作品
  • 出版社相关作品

书目信息

  • 表格格式
  • 工作单格式
  • 卡片格式
题名:
计算机教学与网络安全管理
    
 
作者: 李旭炯 , 何登平 , 曹型兵 主编
分册:  
出版信息: 长春   吉林科学技术出版社  2020.09
页数: 303页
开本: 26cm
丛书名:
单 册:
中图分类: TP3 , TP393.08
科图分类:
主题词: 电子计算机--dian zi ji suan ji--教学研究 , 计算机网络--ji suan ji wang luo--网络安全--研究
电子资源:
ISBN: 978-7-5578-7549-7
000 01135nam0 2200289 450
001 CAL 0120217256746
005 20230217093111.0
010    @a978-7-5578-7549-7@dCNY80.00
100    @a20210917d2020 em y0chiy0120 ea
101 0  @achi
102    @aCN@b220000
105    @aak z 000yy
106    @ar
200 1  @a计算机教学与网络安全管理@Aji suan ji jiao xue yu wang luo an quan guan li@f李旭炯, 何登平, 曹型兵主编
210    @a长春@c吉林科学技术出版社@d2020.09
215    @a303页@c图@d26cm
300    @a一棵蓝图书
330    @a本书内容有: 计算机与信息社会, 计算机系统, 数据在计算机中的表示, 操作系统基础, 办公软件, 计算机网络基础与应用, 计算机程序设计, 数据库技术基础, 多媒体技术基础。计算机在教学方向的应用, 网络安全管理, 网络安全管理技术基础, 网络综合安全管理。
606 0  @a电子计算机@Adian zi ji suan ji@x教学研究
606 0  @a计算机网络@Aji suan ji wang luo@x网络安全@x研究
690    @aTP3@v5
690    @aTP393.08@v5
701  0 @a李旭炯@Ali xu jiong@4主编
701  0 @a何登平@Ahe deng ping@4主编
701  0 @a曹型兵@Acao xing bing@4主编
801  0 @aCN@bBJXHZP@c20230228
905    @b1404286-9@dTP3@e1347@f4
    
    计算机教学与网络安全管理/李旭炯, 何登平, 曹型兵主编.-长春:吉林科学技术出版社,2020.09
    303页:图;26cm
    一棵蓝图书
    
    ISBN 978-7-5578-7549-7:CNY80.00
    本书内容有: 计算机与信息社会, 计算机系统, 数据在计算机中的表示, 操作系统基础, 办公软件, 计算机网络基础与应用, 计算机程序设计, 数据库技术基础, 多媒体技术基础。计算机在教学方向的应用, 网络安全管理, 网络安全管理技术基础, 网络综合安全管理。
●
相关链接 在E读中查询图书 在五车中查询图书 在当当中查询图书 在豆瓣中查询图书


正题名:计算机教学与网络安全管理     索取号:TP3/1347         预约/预借

序号 登录号 条形码 馆藏地/架位号 状态 备注
1 1404286   214042864   第二样本阅览室/ [索取号:TP3/1347] 在馆    
2 1404287   214042873   第三借阅区/ [索取号:TP3/1347] 在馆    
3 1404288   214042882   第三借阅区/ [索取号:TP3/1347] 在馆    
4 1404289   214042891   第三借阅区/ [索取号:TP3/1347] 在馆    
唐山师范学院图书馆 欢迎您!
大连网信软件有限公司© 版权所有